Africa in crisis: the causes, the cures of environmental bankruptcy (Record no. 33685)

MARC details
000 -LEADER
fixed length control field 00602nam a2200169 a 4500
008 - FIXED-LENGTH DATA ELEMENTS--GENERAL INFORMATION
fixed length control field 120416s1994 ||||||||||||||||| || u
020 ## - INTERNATIONAL STANDARD BOOK NUMBER
International Standard Book Number 0905347579
050 ## - LIBRARY OF CONGRESS CALL NUMBER
Classification number GF 75 Tim
100 ## - MAIN ENTRY--PERSONAL NAME
Personal name Timberlake, Lloyd
245 10 - TITLE STATEMENT
Title Africa in crisis: the causes, the cures of environmental bankruptcy
260 ## - PUBLICATION, DISTRIBUTION, ETC.
Place of publication, distribution, etc. London
Name of publisher, distributor, etc. East African Educational
Date of publication, distribution, etc. 1994
350 ## - PRICE (NR) (BK AM CF MU VM SE) [OBSOLETE]
Price 0.00
650 ## - SUBJECT ADDED ENTRY--TOPICAL TERM
Topical term or geographic name entry element FAMINE
650 ## - SUBJECT ADDED ENTRY--TOPICAL TERM
Topical term or geographic name entry element FAMINES--DESTITUTION--AFRICA
700 ## - ADDED ENTRY--PERSONAL NAME
Personal name Tinker, Jon
995 ## - RECOMMENDATION 995 [LOCAL, UNIMARC FRANCE]
-- 0.00
-- CBU-MAIN LIBRARY (Kitwe)
-- 1
-- 3.95
-- 1
-- DAMAGED
-- Main Library Open Access Collection
Holdings
Withdrawn status Lost status Source of classification or shelving scheme Damaged status Not for loan Collection code Home library Current library Date acquired Full call number Barcode Date last seen Price effective from Koha item type
      Damaged   BINDERY (DAMAGED) CBU-MAIN LIBRARY, KITWE. CBU-MAIN LIBRARY, KITWE. 11/30/2022 GF 75 Tim 002252 11/30/2022 11/30/2022 MONOGRAPH